Zdobywcy Premier league - Nagła śmierć - Statystyki

Ogólne statystyki
  • Ten quiz został rozwiązany 109 razy
  • Średni wynik to 9 z 23
Answers on the Grid
Answers color-coded by a green-red scale on the quiz's grid according to % correct below.
Ipswich Town
Everton
Brentford
Fulham
Manchester United
Crystal Palace
Southampton
Sunderland
Sheffield Wednesday
Aston Villa
Blackburn Rovers
Coventry City
West Ham
Derby County
Brighton
Bristol City
Bournemouth
Leeds
Huddersfield Town
Wrexham
Manchester City
Liverpool
Watford
Middlesbrough
Tottenham
Stoke City
Newcastle
Portsmouth
Arsenal
Chelsea
Swansea
West Brom
Preston North End
Queens Park Rangers
Oxford
Charlton
Norwich City
Wolverhampton
Millwall
Birmingham City
Wimbledon
Nottingham Forest
Hull City
Cardiff City
Sheffield United
Bolton
Luton Town
Reading
Leicester
Blackpool
 
Statystyki odpowiedzi
Odpowiedź % Poprawnych
Manchester United
79%
Manchester City
78%
Arsenal
75%
Liverpool
75%
Chelsea
69%
Leicester
69%
Aston Villa
58%
Tottenham
46%
Everton
42%
Nottingham Forest
42%
Newcastle
40%
Blackburn Rovers
39%
Leeds
34%
Sunderland
22%
Sheffield United
16%
Sheffield Wednesday
16%
Ipswich Town
12%
Preston North End
9%
Wolverhampton
9%
Derby County
7%
Portsmouth
7%
Huddersfield Town
6%
West Brom
3%
Nie znaleziono quizów pasujących do podanych kryteriów
Rozkład punktacji
Procent ludzi z każdym wynikiem
Percentyl według liczby udzielonych odpowiedzi
Twoja historia wyników
Nie rozwiązałeś tego quizu